| 000 | 02064nam a2200565 i 4500 | ||
|---|---|---|---|
| 001 | 30875 | ||
| 003 | KOSZ 005 | ||
| 005 | 20210519110505.0 | ||
| 008 | 980702s1995 pl a f |000 0 pol | ||
| 015 | _aUWD 1996/12810 | ||
| 020 | _a283170281X | ||
| 035 | _a991004306569705066 | ||
| 035 | _a(PL-WaBN)b1113995x-48omnis_nlop | ||
| 035 | _ab1113995x | ||
| 035 | _a(OCoLC)830114567 | ||
| 035 | _a(PL)b0000001113995 | ||
| 035 | _a(EXLNZ-48OMNIS_NETWORK)9910180785605606 | ||
| 040 |
_aWA N _cWA N _dKOSZ 005/EG |
||
| 041 | 0 |
_apol _beng |
|
| 046 | _k1995 | ||
| 080 | _a639.3 | ||
| 080 | _a504.4 | ||
| 080 | _a574 | ||
| 080 | _a(438) | ||
| 080 | _a(02.025.2) | ||
| 245 | 0 | 0 |
_aPrzyrodniczo-ekonomiczna waloryzacja stawów rybnych w Polsce = _bEnvironmental-economic evaluation of fish ponds in Poland : praca zbiorowa / _cpod red. nauk. Kazimierza A. Dobrowolskiego ; aut. Monika Bukacińska [et al.] ; koord. projektu Zenon Tederko ; IUCN [The International World Conservation Union] - Program Europy. |
| 260 |
_aWarszawa : _bFundacja IUCN Poland, _c1995. |
||
| 300 |
_a114 s., [12] s. fot. kolor., [1] k. tabl. złoż. : _bmapy, wykr., err. ; _c24 cm. |
||
| 336 |
_aTekst _btxt _2rdacontent |
||
| 337 |
_aBez urządzenia pośredniczącego _bn _2rdamedia |
||
| 338 |
_aWolumin _bnc _2rdacarrier |
||
| 380 | _aKsiążki | ||
| 388 | _a1901-2000 | ||
| 388 | _a1989-2000 | ||
| 504 | _aBibliogr. s. 77-84. - Summ. | ||
| 650 | 7 |
_aPtaki wodne _2DBN |
|
| 650 | 7 |
_aEkologia _2DBN |
|
| 650 | 7 |
_aRyby słodkowodne _2DBN |
|
| 650 | 7 |
_aStawy rybne _2DBN |
|
| 650 | 7 |
_aHodowla _2DBN |
|
| 650 | 7 |
_aWody śródlądowe _2DBN |
|
| 651 | 7 | _aPolska | |
| 658 | _aOchrona środowiska | ||
| 700 | 1 |
_aBukacińska, Monika _eAutor |
|
| 700 | 1 |
_aDobrowolski, Kazimierz A. _d(1931-2002) _eRedakcja |
|
| 700 | 1 |
_aTederko, Zenon _eRedakcja |
|
| 856 |
_uhttp://koha.tu.koszalin.pl/cgi-bin/koha/opac-detail.pl?biblionumber=30875 _yKatalog online BPK |
||
| 942 |
_2UKD _cKS |
||
| 999 |
_c30875 _d30875 |
||